00889nam a2200181Ia 450000500170000000800410001704000560005804100080011410000230012224501030014526000620024830000370031049000390034750502580038665000180064465000280066265000170069020211014101040.0130821s1963 mx ad gr spa  aCo-BoUCMbspacJose A. Gerena (modificó)d[Nuevo] aspa1 aFriedmann, Georges10aTratado de sociología del trabajocGeorges Friedman, Pierre Noville; Traducción Julieta Campos aMéxico D.F. (México)bFondo Cultura Económicac1963 a2 volúmenesbtablas, diagramas aSección de obras de sociología aContenidos : v.1 : Definiciones y métodos; industria, población y Ocupación, trabajo y proceso técnica. -- v.2 : La empresa; valores y actitudes; el trabajo y la civilización industrial; Bibliografía : p. 397 - 425. -- Notas a pié de texto 7aCambio social 7aSociología industrial 7aSociología